Capitals of countries starting with I - Statistics

General Stats
  • This quiz has been taken 28 times
  • The average score is 8 of 9
Answer Stats
Hint Answer % Correct
India New Delhi
100%
Ireland Dublin
96%
Israel Jerusalem
96%
Italy Rome
96%
Iraq Baghdad
88%
Iceland Reykjavik
88%
Iran Tehran
88%
Indonesia Jakarta
84%
Ivory Coast Yamoussoukro
48%
No matching quizzes found
Score Distribution
Percent of People with Each Score
Percentile by Number Answered
Your Score History
You have not taken this quiz